[Event "Valencia Cuna op 6th"]
[Site "Valencia"]
[Date "2025.07.06"]
[Round "2"]
[White "Seemann, Jakub"]
[Black "Chen, Max"]
[Result "1-0"]
[WhiteElo "2451"]
[BlackElo "2243"]
[PlyCount "77"]
[EventDate "2025.07.05"]
[EventType "swiss"]
[EventRounds "9"]
[EventCountry "ESP"]
[SourceTitle "CB28_2025"]
[SourceDate "2025.07.09"]
[SourceVersion "1"]
[SourceVersionDate "2025.07.09"]
[SourceQuality "1"]

1. d4 Nf6 2. c4 c6 3. Nf3 d5 4. Nc3 dxc4 5. a4 Bf5 6. Ne5 Nbd7 7. Nxc4 Nb6 8. Ne5 a5 9. h4 h5 10. f3 Nfd7 11. e4 Nxe5 12. exf5 Ned7 13. Be3 Nf6 14. Qb3 Rc8 15. Rc1 Nfd5 16. Nxd5 Nxd5 17. Qxb7 e5 18. Bg5 f6 19. Bd2 Rc7 20. Qb3 exd4 21. Bc4 Bd6 22. 0-0 0-0 23. Bxa5 Kh8 24. Bxd5 cxd5 25. Bxc7 Bxc7 26. f4 Re8 27. Qb7 Re7 28. Qb5 Re4 29. Qb7 Re7 30. Qc6 d3 31. Rcd1 Re3 32. Qb5 Qe7 33. Qxd5 Bxf4 34. Rxf4 Re1+ 35. Rxe1 Qxe1+ 36. Kh2 Qe5 37. Qxe5 fxe5 38. Rf1 e4 39. Rd1 1-0

[Event "WchT Blitz Pool D"]
[Site "London"]
[Date "2025.06.14"]
[Round "8.3"]
[White "Munkhzul, Turmunkh"]
[Black "Seemann, Jakub"]
[Result "0-1"]
[WhiteElo "2236"]
[BlackElo "2450"]
[PlyCount "62"]
[EventDate "2025.06.14"]
[EventType "team-tourn"]
[EventRounds "13"]
[EventCountry "ENG"]
[SourceTitle "CB25_2025"]
[SourceDate "2025.06.18"]
[SourceVersion "1"]
[SourceVersionDate "2025.06.18"]
[SourceQuality "1"]
[WhiteTeam "Mongolia"]
[BlackTeam "Katowice Hetman"]
[WhiteTeamCountry "MGL"]
[BlackTeamCountry "POL"]

1. e4 c5 2. Nf3 e6 3. d4 cxd4 4. Nxd4 a6 5. Bd3 Bc5 6. Nb3 Ba7 7. Qe2 Ne7 8. Be3 Nbc6 9. Nc3 0-0 10. Bxa7 Rxa7 11. 0-0-0 b5 12. f4 d6 13. g4 b4 14. Na4 Bd7 15. e5 dxe5 16. fxe5 Qc7 17. Qe4 Ng6 18. h4 Ncxe5 19. Qxb4 Nxd3+ 20. Rxd3 Ne5 21. Rc3 Qb8 22. Qd4 Bc6 23. Rf1 Rd8 24. Qf4 Rad7 25. Nac5 Rd5 26. Ne4 Rd1+ 27. Rxd1 Nd3+ 28. Kb1 Qxf4 29. Rxc6 Qxe4 30. Rc3 Qxg4 31. Rcxd3 Qxd1+ 0-1

[Event "WchT Blitz Pool D"]
[Site "London"]
[Date "2025.06.14"]
[Round "1.3"]
[White "Nilssen, Ellen Fredericia"]
[Black "Seemann, Jakub"]
[Result "0-1"]
[WhiteElo "2160"]
[BlackElo "2450"]
[PlyCount "104"]
[EventDate "2025.06.14"]
[EventType "team-tourn"]
[EventRounds "13"]
[EventCountry "ENG"]
[SourceTitle "CB25_2025"]
[SourceDate "2025.06.18"]
[SourceVersion "1"]
[SourceVersionDate "2025.06.18"]
[SourceQuality "1"]
[WhiteTeam "Danish Futures"]
[BlackTeam "Katowice Hetman"]
[WhiteTeamCountry "DEN"]
[BlackTeamCountry "POL"]

1. d4 Nf6 2. c4 g6 3. Nc3 Bg7 4. Nf3 0-0 5. g3 d6 6. Bg2 Nbd7 7. 0-0 e5 8. e4 Re8 9. h3 exd4 10. Nxd4 Nc5 11. Re1 c6 12. b3 a5 13. Bg5 h6 14. Bf4 g5 15. Bc1 Be6 16. Rb1 Nfd7 17. Be3 Nf8 18. Qc2 Ng6 19. Rbd1 Qc8 20. Kh2 Bd7 21. Nf5 Bxf5 22. exf5 Ne7 23. Rxd6 Nxf5 24. Rdd1 Nxe3 25. fxe3 Qc7 26. e4 Re5 27. Ne2 Rae8 28. Nd4 h5 29. Nf5 h4 30. Qd2 hxg3+ 31. Kh1 f6 32. Qd4 Ne6 33. Qd7 Qxd7 34. Rxd7 Bf8 35. Rxb7 Nc5 36. Rc7 Rxf5 37. Rxc6 Rfe5 38. Rxf6 Nxe4 39. Bxe4 Rxe4 40. Rxe4 Rxe4 41. Rg6+ Kf7 42. Rxg5 Bd6 43. c5 Bf4 44. Rf5+ Ke6 45. Rf8 Kd5 46. h4 Kxc5 47. h5 Kd4 48. Kg2 Ke3 49. Rf5 Rd4 50. Rxa5 Rd2+ 51. Kh3 Rh2+ 52. Kg4 g2 0-1

[Event "WchT Blitz Pool D"]
[Site "London"]
[Date "2025.06.14"]
[Round "11.3"]
[White "Seemann, Jakub"]
[Black "Andiwoh, Moses"]
[Result "1-0"]
[WhiteElo "2450"]
[BlackElo "1796"]
[PlyCount "173"]
[EventDate "2025.06.14"]
[EventType "team-tourn"]
[EventRounds "13"]
[EventCountry "ENG"]
[SourceTitle "CB25_2025"]
[SourceDate "2025.06.18"]
[SourceVersion "1"]
[SourceVersionDate "2025.06.18"]
[SourceQuality "1"]
[WhiteTeam "Katowice Hetman"]
[BlackTeam "Kenya Equity Bank"]
[WhiteTeamCountry "POL"]
[BlackTeamCountry "KEN"]

1. e4 d5 2. exd5 Nf6 3. d4 Bg4 4. Nf3 Qxd5 5. Be2 e6 6. 0-0 Bd6 7. Be3 Nc6 8. h3 h5 9. c4 Qf5 10. Nh4 Bxe2 11. Nxf5 Bxd1 12. Nxd6+ cxd6 13. Rxd1 d5 14. b3 dxc4 15. bxc4 0-0 16. Nd2 b6 17. Nb3 Rfd8 18. Rac1 Rd7 19. Kf1 Rad8 20. Ke2 Kf8 21. f3 Ke7 22. g4 hxg4 23. hxg4 Rh8 24. Rh1 Rdd8 25. a3 Nd7 26. Rce1 Nf6 27. Kf2 Rc8 28. Ke2 Nb8 29. Kd3 Nbd7 30. Bf4 Rcg8 31. a4 Nf8 32. Bc1 Ng6 33. a5 Rxh1 34. Rxh1 Rh8 35. Rxh8 Nxh8 36. Bf4 Nd7 37. c5 bxc5 38. dxc5 Ng6 39. Bd6+ Kd8 40. Nd4 Nge5+ 41. Ke4 Nc4 42. Nc6+ Kc8 43. Nxa7+ Kb7 44. Nb5 Nxa5 45. Nd4 Nc6 46. Ne2 Na5 47. Ng3 Kc6 48. Nh5 g6 49. Nf4 Nb7 50. Be7 Nbxc5+ 51. Ke3 e5 52. Nh3 Kd5 53. Ng5 f6 54. Nh3 Ne6 55. Ba3 Ndc5 56. Nf2 Ng5 57. Bc1 Nge6 58. Ba3 Nd4 59. Bxc5 Kxc5 60. Ne4+ Kd5 61. Nxf6+ Ke6 62. Ne4 Nc2+ 63. Kd3 Nb4+ 64. Kc4 Nd5 65. Nc5+ Kd6 66. Nb7+ Ke6 67. Nd8+ Kd6 68. Nf7+ Ke6 69. Ng5+ Kd6 70. Kd3 Ke7 71. Ke4 Kd6 72. Nf7+ Ke6 73. Nd8+ Kd6 74. Nb7+ Ke6 75. Nc5+ Kd6 76. Nd3 Nc3+ 77. Ke3 Kd5 78. Nb4+ Kc4 79. Nc6 Kd5 80. Ne7+ Ke6 81. Nxg6 Kf6 82. Nh4 Nd5+ 83. Ke4 Nc3+ 84. Kd3 Nd5 85. Ng2 Nf4+ 86. Nxf4 exf4 87. Ke4 1-0

[Event "WchT Rapid"]
[Site "London"]
[Date "2025.06.13"]
[Round "12.3"]
[White "Haydon, David Leslie"]
[Black "Seemann, Jakub"]
[Result "0-1"]
[WhiteElo "2292"]
[BlackElo "2392"]
[PlyCount "67"]
[EventDate "2025.06.11"]
[EventType "team-swiss"]
[EventRounds "12"]
[EventCountry "ENG"]
[SourceTitle "CB25_2025"]
[SourceDate "2025.06.18"]
[SourceVersion "1"]
[SourceVersionDate "2025.06.18"]
[SourceQuality "1"]
[WhiteTeam "Wood Green Youth"]
[BlackTeam "Katowice Hetman"]
[WhiteTeamCountry "ENG"]
[BlackTeamCountry "POL"]

1. Nf3 Nf6 2. e3 d5 3. c4 e6 4. Nc3 b6 5. d4 Bb7 6. cxd5 exd5 7. Qc2 a6 8. Be2 Bd6 9. Ne5 0-0 10. 0-0 c5 11. f4 cxd4 12. exd4 b5 13. Bf3 Nc6 14. Be3 Rc8 15. Qd3 Nb4 16. Qe2 Ne4 17. a3 Nxc3 18. bxc3 Nc6 19. Bxd5 Bxe5 20. Bxc6 Rxc6 21. dxe5 Rxc3 22. Rad1 Qc8 23. Bd4 Rc2 24. Rd2 Rxd2 25. Qxd2 Rd8 26. f5 Qc6 27. Rf4 Qh6 28. h3 Qg5 29. Qf2 h5 30. Kh2 Rc8 31. h4 Qh6 32. e6 Rc2 33. e7 Bc6 34. Qxc2 0-1

[Event "POL-chT Ekstraliga"]
[Site "Chotowa"]
[Date "2025.06.08"]
[Round "7.5"]
[White "Kantans, Toms"]
[Black "Seemann, Jakub"]
[Result "1-0"]
[WhiteElo "2528"]
[BlackElo "2450"]
[PlyCount "57"]
[EventDate "2025.06.02"]
[EventType "team-tourn"]
[EventRounds "9"]
[EventCountry "POL"]
[SourceTitle "CB24_2025"]
[SourceDate "2025.06.11"]
[SourceVersion "1"]
[SourceVersionDate "2025.06.11"]
[SourceQuality "1"]
[WhiteTeam "Gliwice Akademia Szachowa"]
[BlackTeam "Katowice Hetman"]
[WhiteTeamCountry "POL"]
[BlackTeamCountry "POL"]

1. e4 c5 2. Nf3 d6 3. d4 cxd4 4. Nxd4 Nf6 5. Nc3 a6 6. h3 e5 7. Nf3 Be7 8. g4 h6 9. Rg1 b5 10. g5 hxg5 11. Nxg5 Bb7 12. Be3 Nbd7 13. a4 b4 14. Bc4 bxc3 15. Bxf7+ Kf8 16. Bg6 cxb2 17. Ne6+ Kg8 18. Bf5 Bf8 19. Nxd8 bxa1Q 20. Qxa1 Rxd8 21. Qa2+ d5 22. Be6+ Kh7 23. exd5 Bd6 24. c4 e4 25. f4 Rhe8 26. Qf2 Bb4+ 27. Ke2 Kh8 28. Qh4+ Nh7 29. Bd4 1-0

[Event "POL-chT Ekstraliga"]
[Site "Chotowa"]
[Date "2025.06.05"]
[Round "4.5"]
[White "Seemann, Jakub"]
[Black "Bartel, Michal"]
[Result "1-0"]
[WhiteElo "2450"]
[BlackElo "2248"]
[PlyCount "37"]
[EventDate "2025.06.02"]
[EventType "team-tourn"]
[EventRounds "9"]
[EventCountry "POL"]
[SourceTitle "CB24_2025"]
[SourceDate "2025.06.11"]
[SourceVersion "1"]
[SourceVersionDate "2025.06.11"]
[SourceQuality "1"]
[WhiteTeam "Katowice Hetman"]
[BlackTeam "Miedzyborow Wrzos"]
[WhiteTeamCountry "POL"]
[BlackTeamCountry "POL"]

1. d4 d5 2. c4 dxc4 3. e4 e5 4. Nf3 exd4 5. Bxc4 Bb4+ 6. Nbd2 Nd7 7. Bxf7+ Kxf7 8. Qb3+ Kf8 9. Qxb4+ c5 10. Qc4 Qe7 11. b4 Ngf6 12. bxc5 Nxe4 13. 0-0 Nexc5 14. Ba3 b6 15. Rfe1 Qf7 16. Qxd4 Bb7 17. Ng5 Qd5 18. Ne6+ Kg8 19. Qxg7# 1-0

[Event "POL-chT Ekstraliga"]
[Site "Chotowa"]
[Date "2025.06.02"]
[Round "1.5"]
[White "Chylewski, Patryk"]
[Black "Seemann, Jakub"]
[Result "0-1"]
[WhiteElo "2313"]
[BlackElo "2450"]
[PlyCount "162"]
[EventDate "2025.06.02"]
[EventType "team-tourn"]
[EventRounds "9"]
[EventCountry "POL"]
[SourceTitle "CB24_2025"]
[SourceDate "2025.06.11"]
[SourceVersion "1"]
[SourceVersionDate "2025.06.11"]
[SourceQuality "1"]
[WhiteTeam "Chylice Laura"]
[BlackTeam "Katowice Hetman"]
[WhiteTeamCountry "POL"]
[BlackTeamCountry "POL"]

1. d4 Nf6 2. c4 e6 3. Nf3 d5 4. Nc3 Bb4 5. Bg5 h6 6. Bxf6 Qxf6 7. e3 0-0 8. Rc1 Nd7 9. a3 Bxc3+ 10. Rxc3 c6 11. Be2 dxc4 12. Bxc4 e5 13. 0-0 e4 14. Nd2 Qe7 15. Ba2 Nf6 16. Rc5 Nd7 17. Rc1 Nf6 18. h3 Be6 19. Bxe6 Qxe6 20. Qb3 Qxb3 21. Nxb3 Rfe8 22. Nc5 Re7 23. Na4 h5 24. Nc3 Rd8 25. b4 h4 26. Rc2 Kf8 27. Rfc1 Rd6 28. Kf1 Ke8 29. b5 Kd8 30. Na4 Rc7 31. Ke2 Nd5 32. bxc6 b6 33. Nb2 Rg6 34. Kf1 f5 35. Nd1 Kc8 36. Rc4 Kb8 37. R1c2 a6 38. Rc1 Ne7 39. Nb2 b5 40. Rc5 Rgxc6 41. Rxc6 Rxc6 42. Rxc6 Nxc6 43. g3 hxg3 44. fxg3 Kc7 45. Ke2 Kb6 46. g4 fxg4 47. hxg4 Ka5 48. Kd2 Ne7 49. Kc2 Nd5 50. Nd1 Ka4 51. Kb2 b4 52. axb4 Kxb4 53. Nf2 Nc3 54. d5 Nxd5 55. Nxe4 Nxe3 56. g5 g6 57. Nf6 Nc4+ 58. Ka2 Nb6 59. Ng4 Nc8 60. Ne5 Ne7 61. Nf7 Nc6 62. Kb2 Kc4 63. Ka3 Kd5 64. Ka4 Ke6 65. Nh6 Ke5 66. Kb3 Kf4 67. Nf7 Ne5 68. Nd6 Kxg5 69. Kb4 Kf4 70. Ne8 g5 71. Nf6 Nc6+ 72. Kc5 Nb8 73. Kd4 g4 74. Kd3 Kf3 75. Ne4 g3 76. Nd2+ Kf2 77. Ne4+ Kg2 78. Ke3 Kh2 79. Ng5 g2 80. Nf3+ Kh1 81. Kf2 Nc6 0-1

[Event "Katowice rapid op"]
[Site "Katowice"]
[Date "2025.06.02"]
[Round "3"]
[White "Seemann, Jakub"]
[Black "Babiarz, Arkadiusz"]
[Result "1-0"]
[WhiteElo "2392"]
[BlackElo "2115"]
[PlyCount "117"]
[EventDate "2025.05.31"]
[EventType "swiss"]
[EventRounds "11"]
[EventCountry "POL"]
[SourceTitle "CB24_2025"]
[SourceDate "2025.06.11"]
[SourceVersion "1"]
[SourceVersionDate "2025.06.11"]
[SourceQuality "1"]

1. e4 e5 2. Nf3 Nf6 3. d4 Nxe4 4. Bd3 d5 5. Nxe5 Nd7 6. 0-0 Nxe5 7. dxe5 Nc5 8. Be2 Be7 9. Nd2 0-0 10. Nf3 c6 11. Re1 Bg4 12. h3 Bh5 13. Nd4 Bxe2 14. Qxe2 Qd7 15. Qh5 g6 16. Qh6 Ne6 17. Be3 Rfe8 18. Rad1 Bf8 19. Qh4 Nxd4 20. Bxd4 Qe6 21. b3 Bg7 22. Qf4 b6 23. Bb2 Rad8 24. Qg4 c5 25. Qxe6 fxe6 26. Bc1 d4 27. f4 Rd5 28. Kf2 b5 29. Kf3 Red8 30. Ke4 c4 31. Bb2 d3 32. cxd3 Rxd3 33. Rxd3 Rxd3 34. Re2 Bf8 35. bxc4 bxc4 36. Bd4 a5 37. Rc2 Ra3 38. Be3 Bb4 39. g4 Kf7 40. h4 Rc3 41. Rh2 Rd3 42. h5 Rd1 43. hxg6+ hxg6 44. Rh7+ Kg8 45. Rc7 c3 46. f5 gxf5+ 47. gxf5 exf5+ 48. Kxf5 Ra1 49. Kg6 Rxa2 50. Rc8+ Bf8 51. Bc5 Rg2+ 52. Kf6 c2 53. Rxf8+ Kh7 54. Ba3 Rg1 55. Rf7+ Kh8 56. Rc7 Ra1 57. Bb2 Rf1+ 58. Ke7 Rf2 59. e6+ 1-0

[Event "Katowice rapid op"]
[Site "Katowice"]
[Date "2025.05.31"]
[Round "11"]
[White "Kokoszczynski, Jan"]
[Black "Seemann, Jakub"]
[Result "1-0"]
[WhiteElo "2196"]
[BlackElo "2392"]
[PlyCount "87"]
[EventDate "2025.05.31"]
[EventType "swiss"]
[EventRounds "11"]
[EventCountry "POL"]
[SourceTitle "CB24_2025"]
[SourceDate "2025.06.11"]
[SourceVersion "1"]
[SourceVersionDate "2025.06.11"]
[SourceQuality "1"]

1. d4 d5 2. c4 dxc4 3. e3 Nf6 4. Bxc4 e6 5. Nf3 a6 6. 0-0 c5 7. b3 Nbd7 8. Bb2 b5 9. Be2 Bb7 10. a4 b4 11. Nbd2 Be7 12. Nc4 0-0 13. Rc1 cxd4 14. Nxd4 Nc5 15. Bf3 Nd5 16. Qc2 Rc8 17. Rfd1 Qc7 18. Nf5 exf5 19. Bxd5 Bxd5 20. Rxd5 g6 21. g3 Rfd8 22. Rxd8+ Rxd8 23. Bd4 Rd5 24. Nb2 Qd7 25. Bxc5 Rxc5 26. Nc4 h5 27. Rd1 Qc6 28. h4 Qf3 29. Rd7 Bf6 30. Qd1 Qe4 31. Qd3 Qxd3 32. Rxd3 Rc6 33. Rd7 Kf8 34. Kf1 Ke8 35. Rb7 Be7 36. Ke2 f6 37. Kd3 g5 38. Kd4 gxh4 39. gxh4 Re6 40. f4 Re4+ 41. Kd5 Kd8 42. Ra7 Bf8 43. Rxa6 Be7 44. Re6 1-0

[Event "Katowice rapid op"]
[Site "Katowice"]
[Date "2025.05.31"]
[Round "8"]
[White "Socko, Bartosz"]
[Black "Seemann, Jakub"]
[Result "0-1"]
[WhiteElo "2510"]
[BlackElo "2392"]
[PlyCount "84"]
[EventDate "2025.05.31"]
[EventType "swiss"]
[EventRounds "11"]
[EventCountry "POL"]
[SourceTitle "CB24_2025"]
[SourceDate "2025.06.11"]
[SourceVersion "1"]
[SourceVersionDate "2025.06.11"]
[SourceQuality "1"]

1. e4 c5 2. Nf3 d6 3. d4 cxd4 4. Nxd4 Nf6 5. Nc3 a6 6. Be3 e6 7. f3 h5 8. Qd2 Be7 9. 0-0-0 b5 10. Kb1 Bb7 11. h3 Nbd7 12. Bd3 h4 13. Rhe1 Rc8 14. a3 Ne5 15. Bg5 Nh5 16. Bxe7 Qxe7 17. f4 Nxd3 18. cxd3 0-0 19. Qf2 d5 20. exd5 Rxc3 21. bxc3 Bxd5 22. Re5 Ng3 23. Kb2 Rc8 24. Rc1 g6 25. Nc2 a5 26. Ne3 Bc6 27. Nc2 Qb7 28. Rc5 Rd8 29. Nd4 Be8 30. Rd1 b4 31. axb4 axb4 32. c4 Qa7 33. Nc2 Ne4 34. Qxh4 Ra8 35. Ra1 Qxa1+ 36. Nxa1 Nxc5 37. Qg3 Rd8 38. Qe3 Nxd3+ 39. Kb3 Bc6 40. g4 Ra8 41. Qb6 Ba4+ 42. Ka2 Bc2+ 0-1

[Event "Sharjah Masters-A 8th"]
[Site "Sharjah"]
[Date "2025.05.20"]
[Round "4"]
[White "Raja, Rithvik R"]
[Black "Seemann, Jakub"]
[Result "1-0"]
[WhiteElo "2545"]
[BlackElo "2453"]
[PlyCount "81"]
[EventDate "2025.05.17"]
[EventType "swiss"]
[EventRounds "9"]
[EventCountry "UAE"]
[SourceTitle "CB22_2025"]
[SourceDate "2025.05.28"]
[SourceVersion "1"]
[SourceVersionDate "2025.05.28"]
[SourceQuality "1"]

1. d4 Nf6 2. c4 e6 3. Nf3 d5 4. Nc3 Bb4 5. e3 0-0 6. Bd2 b6 7. cxd5 exd5 8. Bd3 Bb7 9. 0-0 Be7 10. Ne5 c5 11. Qf3 Nc6 12. Rfd1 cxd4 13. Nxc6 Bxc6 14. exd4 Re8 15. Rac1 Ne4 16. Nxe4 dxe4 17. Bxe4 Bxe4 18. Qxe4 Bf6 19. Qc6 Qxd4 20. Bc3 Qf4 21. g3 Qh6 22. Bxf6 Qxf6 23. Qxf6 gxf6 24. Rc7 Re2 25. Rdd7 Rf8 26. Rxa7 Rxb2 27. Rdb7 Kg7 28. a4 Kg6 29. Ra6 Rc8 30. Rbxb6 Rxb6 31. Rxb6 Rc4 32. a5 Ra4 33. a6 h5 34. h4 Kf5 35. Kg2 Ra3 36. Rc6 Ke5 37. g4 hxg4 38. h5 Kf5 39. Rc5+ Kf4 40. h6 Rxa6 41. Rc8 1-0

[Event "Sharjah Masters-A 8th"]
[Site "Sharjah"]
[Date "2025.05.18"]
[Round "2"]
[White "Pranav, Anand"]
[Black "Seemann, Jakub"]
[Result "1-0"]
[WhiteElo "2555"]
[BlackElo "2453"]
[PlyCount "55"]
[EventDate "2025.05.17"]
[EventType "swiss"]
[EventRounds "9"]
[EventCountry "UAE"]
[SourceTitle "CB22_2025"]
[SourceDate "2025.05.28"]
[SourceVersion "1"]
[SourceVersionDate "2025.05.28"]
[SourceQuality "1"]

1. e4 c5 2. Nf3 d6 3. d4 cxd4 4. Nxd4 Nf6 5. Nc3 a6 6. Be2 e5 7. Nb3 Be7 8. h4 Be6 9. f4 b5 10. g4 b4 11. Nd5 Nxd5 12. exd5 Bc8 13. g5 a5 14. Be3 0-0 15. Bd3 exf4 16. Bxf4 Re8 17. 0-0 Bf8 18. Qf3 Ra7 19. Nd4 g6 20. h5 Qb6 21. Qf2 Ba6 22. Rae1 Rxe1 23. Rxe1 Bxd3 24. Re8 Nd7 25. cxd3 Nc5 26. Nc6 Qc7 27. Qd4 Ne6 28. Rxf8+ 1-0

[Event "Titled Tuesday intern op 01st Apr Early"]
[Site "Chess.com INT"]
[Date "2025.04.01"]
[Round "7"]
[White "Seemann, Jakub"]
[Black "Oparin, Grigoriy"]
[Result "0-1"]
[WhiteElo "2491"]
[BlackElo "2660"]
[PlyCount "104"]
[EventDate "2025.04.01"]
[EventType "swiss (blitz)"]
[EventRounds "11"]
[EventCountry "USA"]
[SourceTitle "CB15_2025"]
[SourceDate "2025.04.09"]
[SourceVersion "1"]
[SourceVersionDate "2025.04.09"]
[SourceQuality "1"]

1. e4 c5 2. Nf3 e6 3. c3 d5 4. e5 d4 5. d3 Ne7 6. g3 Nbc6 7. Bg2 dxc3 8. bxc3 b6 9. 0-0 Ba6 10. c4 Qd7 11. Nc3 Nf5 12. Ne4 Bb7 13. Bb2 Rd8 14. g4 Nfd4 15. Nxd4 Nxd4 16. f4 Be7 17. f5 exf5 18. gxf5 Nxf5 19. Bh3 Bxe4 20. dxe4 Qxd1 21. Rfxd1 Rxd1+ 22. Rxd1 Nd4 23. Bxd4 cxd4 24. e6 f6 25. Kf2 Bc5 26. Ke2 Ke7 27. Kd3 Bd6 28. Rd2 Rc8 29. Bg4 g6 30. h4 Be5 31. h5 Rc5 32. hxg6 hxg6 33. Rd1 Ra5 34. Rh1 Ra3+ 35. Kc2 Rxa2+ 36. Kd3 Rh2 37. Rxh2 Bxh2 38. Kxd4 Kd6 39. Kc3 Bf4 40. Kb4 a6 41. Bh3 Be3 42. Ka4 Bc5 43. Kb3 Ke5 44. e7 Bxe7 45. Bc8 a5 46. Bb7 g5 47. Kc3 g4 48. Kd3 g3 49. Ke3 a4 50. c5 Bxc5+ 51. Kf3 f5 52. exf5 a3 0-1

[Event "Titled Tuesday intern op 01st Apr Early"]
[Site "Chess.com INT"]
[Date "2025.04.01"]
[Round "8"]
[White "Torres Rebolledo, Alvaro"]
[Black "Seemann, Jakub"]
[Result "0-1"]
[WhiteElo "2309"]
[BlackElo "2491"]
[PlyCount "136"]
[EventDate "2025.04.01"]
[EventType "swiss (blitz)"]
[EventRounds "11"]
[EventCountry "USA"]
[SourceTitle "CB15_2025"]
[SourceDate "2025.04.09"]
[SourceVersion "1"]
[SourceVersionDate "2025.04.09"]
[SourceQuality "1"]

1. Nf3 Nf6 2. g3 e6 3. Bg2 d5 4. 0-0 Be7 5. d3 0-0 6. Nbd2 b6 7. e4 Bb7 8. e5 Nfd7 9. c3 c5 10. d4 Nc6 11. a3 b5 12. Nb3 a5 13. dxc5 Ndxe5 14. Nxe5 Nxe5 15. Nd4 Qd7 16. b4 Nc4 17. Qd3 Rfd8 18. Rd1 Bf8 19. Bg5 f6 20. Bc1 e5 21. c6 e4 22. cxd7 exd3 23. Rxd3 Rxd7 24. Nxb5 axb4 25. cxb4 Bxb4 26. Bf4 Ba5 27. Rc1 Ne5 28. Rdd1 Bb6 29. h3 Ra5 30. Rb1 Bc5 31. Nc3 Rxa3 32. Nxd5 Bxd5 33. Rxd5 Rxd5 34. Bxd5+ Kf8 35. Bxe5 fxe5 36. Rb2 Rxg3+ 37. Kf1 Rc3 38. Rb8+ Ke7 39. Rb7+ Kd6 40. Be4 Rc4 41. f3 Rc1+ 42. Ke2 Rg1 43. h4 Rg2+ 44. Kf1 Rg1+ 45. Ke2 h6 46. h5 Bd4 47. Bg6 Kc5 48. Rxg7 e4 49. Rc7+ Kd6 50. Rc4 Rg2+ 51. Kf1 Rg1+ 52. Ke2 Kd5 53. Ra4 Rg2+ 54. Kf1 Rf2+ 55. Ke1 e3 56. Be4+ Ke5 57. Ra5+ Kf4 58. Rf5+ Kg3 59. Rd5 Bc3+ 60. Kd1 e2+ 61. Kc2 e1Q+ 62. Kb3 Rb2+ 63. Kc4 Qe2+ 64. Kc5 Qe3+ 65. Kd6 Rb6+ 66. Ke7 Qg5+ 67. Kf7 Rb7+ 68. Ke6 Qf6# 0-1

[Event "EU-ch 25th"]
[Site "Eforie Nord"]
[Date "2025.03.24"]
[Round "9"]
[White "Seemann, Jakub"]
[Black "Hulka, Valentyn"]
[Result "1/2-1/2"]
[WhiteElo "2491"]
[BlackElo "2312"]
[PlyCount "63"]
[EventDate "2025.03.15"]
[EventType "swiss"]
[EventRounds "11"]
[EventCountry "ROU"]
[SourceTitle "CB13_2025"]
[SourceDate "2025.03.26"]
[SourceVersion "1"]
[SourceVersionDate "2025.03.26"]
[SourceQuality "1"]

1. c4 e5 2. g3 Nf6 3. Bg2 Bc5 4. Nc3 c6 5. e3 Bb6 6. d4 exd4 7. exd4 d5 8. c5 Bc7 9. Qe2+ Be6 10. Nf3 0-0 11. 0-0 Re8 12. Ne5 Qc8 13. Bf4 Bh3 14. Qf3 Bxg2 15. Kxg2 Nbd7 16. Nd3 Nf8 17. Be3 Ne4 18. Rfc1 f5 19. h4 Ne6 20. Ne2 Nf6 21. b4 a6 22. a4 Qd7 23. Rab1 Ng4 24. Bd2 g6 25. Rc2 Ng7 26. b5 axb5 27. axb5 Re4 28. b6 Bd8 29. Ndc1 Bf6 30. Qd3 Qe7 31. Kg1 Ne6 32. Rb4 1/2-1/2

[Event "Wch U20 62nd"]
[Site "Petrovac"]
[Date "2025.03.07"]
[Round "11"]
[White "Tsvetkov, Andrey1"]
[Black "Seemann, Jakub"]
[Result "0-1"]
[WhiteElo "2422"]
[BlackElo "2494"]
[PlyCount "88"]
[EventDate "2025.02.25"]
[EventType "swiss"]
[EventRounds "11"]
[EventCountry "MNE"]
[SourceTitle "CB11_2025"]
[SourceDate "2025.03.12"]
[SourceVersion "1"]
[SourceVersionDate "2025.03.12"]
[SourceQuality "1"]

1. d4 Nf6 2. c4 g6 3. Nc3 Bg7 4. e4 d6 5. Nf3 0-0 6. Be2 e5 7. Be3 exd4 8. Nxd4 Re8 9. f3 c6 10. Bf2 d5 11. exd5 cxd5 12. 0-0 Nc6 13. c5 Bf8 14. Kh1 Ne5 15. b4 Nc4 16. Bxc4 dxc4 17. Bh4 Bg7 18. Ncb5 a5 19. Nd6 Re5 20. Nxc4 Rd5 21. Nd6 g5 22. Bf2 axb4 23. Qb3 Bf8 24. N4b5 b6 25. Ne4 Nxe4 26. fxe4 Rd3 27. Rad1 Rxd1 28. Rxd1 Qf6 29. Qd5 Ra5 30. Bd4 Qe7 31. Ba1 Be6 32. Qd4 f6 33. Qxb4 Rxa2 34. Qc3 bxc5 35. h3 Rf2 36. Qe3 Ra2 37. Qc3 Ra4 38. e5 f5 39. Nd6 g4 40. Nxf5 Qg5 41. Rf1 gxh3 42. Qxh3 Bxf5 43. Rxf5 Rxa1+ 44. Kh2 Qh6 0-1

[Event "Wch U20 62nd"]
[Site "Petrovac"]
[Date "2025.03.04"]
[Round "8"]
[White "Seemann, Jakub"]
[Black "Wafa, Hamed"]
[Result "1-0"]
[WhiteElo "2494"]
[BlackElo "2350"]
[PlyCount "115"]
[EventDate "2025.02.25"]
[EventType "swiss"]
[EventRounds "11"]
[EventCountry "MNE"]
[SourceTitle "CB11_2025"]
[SourceDate "2025.03.12"]
[SourceVersion "1"]
[SourceVersionDate "2025.03.12"]
[SourceQuality "1"]

1. d4 Nf6 2. c4 e6 3. Nf3 d5 4. Nc3 c5 5. e3 a6 6. a3 dxc4 7. Bxc4 b5 8. Ba2 Bb7 9. 0-0 Nbd7 10. Re1 Be7 11. e4 cxd4 12. Nxd4 Qb8 13. Bg5 0-0 14. Nxe6 fxe6 15. Bxe6+ Kh8 16. Bxd7 Bc5 17. Be3 Bd6 18. Bf5 Bxh2+ 19. Kh1 Be5 20. Bd4 Qd6 21. Bxe5 Qxe5 22. Qd2 a5 23. Kg1 b4 24. axb4 Rad8 25. Qe3 axb4 26. Na4 g6 27. Bh3 Qxe4 28. Qb6 Qd5 29. Qxb4 Ne4 30. Nc3 Nxc3 31. Qxc3+ Qd4 32. Ra7 Qxc3 33. bxc3 Bd5 34. Ree7 Bg8 35. f3 Rfe8 36. Rxe8 Rxe8 37. Rc7 Re2 38. c4 Rc2 39. c5 Bd5 40. Bd7 Kg8 41. Bb5 Kf8 42. Kf1 Rb2 43. Bd3 Rd2 44. Be2 Rc2 45. Ke1 h5 46. Kf1 g5 47. Bd3 Rd2 48. Be4 Bxe4 49. fxe4 Rc2 50. c6 Ke8 51. Kg1 Kd8 52. Rd7+ Ke8 53. Rd6 Rc4 54. Rg6 g4 55. Kh2 Kf7 56. Rh6 Rxe4 57. Rh8 Ke7 58. c7 1-0

[Event "Wch U20 62nd"]
[Site "Petrovac"]
[Date "2025.02.28"]
[Round "4"]
[White "Seemann, Jakub"]
[Black "Sokolovsky, Yahli"]
[Result "0-1"]
[WhiteElo "2494"]
[BlackElo "2552"]
[PlyCount "116"]
[EventDate "2025.02.25"]
[EventType "swiss"]
[EventRounds "11"]
[EventCountry "MNE"]
[SourceTitle "CB11_2025"]
[SourceDate "2025.03.12"]
[SourceVersion "1"]
[SourceVersionDate "2025.03.12"]
[SourceQuality "1"]

1. e4 e5 2. Nf3 Nc6 3. Bc4 Bc5 4. d3 Nf6 5. Bg5 h6 6. Bh4 Be7 7. Bg3 d6 8. a4 0-0 9. Nbd2 Re8 10. 0-0 Bf8 11. a5 a6 12. c3 Be6 13. Re1 Qd7 14. h3 g6 15. Bxe6 Rxe6 16. d4 exd4 17. cxd4 d5 18. e5 Nh5 19. Bh2 Bb4 20. Re2 Nxa5 21. Nf1 Rd8 22. Ne3 Nc6 23. Ng4 Kh7 24. Rc1 Bf8 25. Rc3 Na7 26. Rd3 Nb5 27. Ree3 Qe8 28. Nd2 c5 29. dxc5 d4 30. Re1 f5 31. f4 Bxc5 32. Nf2 Nf6 33. Qf3 Nd5 34. Rc1 Rc6 35. Kh1 Nb4 36. Rb3 Be7 37. Rxc6 Qxc6 38. Qxc6 bxc6 39. Rf3 d3 40. Nd1 Nd4 41. Rf1 Nbc2 42. Bg3 Ne2 43. Kh2 Bb4 44. Nc4 Rd4 45. b3 a5 46. Ncb2 Nc1 47. Rf3 Nxb3 48. Bf2 Rd5 49. Rxd3 Rxd3 50. Nxd3 a4 51. Nxb4 Nxb4 52. e6 Kg8 53. Nb2 a3 54. Nc4 a2 55. e7 Kf7 56. Bh4 g5 57. fxg5 Kxe7 58. gxh6+ Ke6 0-1